January Birthdays - Statistics

General Stats
  • This quiz has been taken 153 times
    15 since last reset
  • The average score is 22 of 31
Answer Stats
Day Hint Person % Correct
8 The King of Rock and Roll. Elvis Presley
93%
4 Physicist who formulated the laws of motion and gravity. Isaac Newton
93%
3 Starred in Braveheart, Lethal Weapon, and Mad Max. Mel Gibson
93%
7 Starred in Leaving Las Vegas, National Treasure, and Face/Off. Nicolas Cage
93%
9 U.S. President who resigned due to the Watergate scandal. Richard Nixon
93%
1 Director of the FBI from 1935-1972. J. Edgar Hoover
86%
6 Catholic saint who helped lead the French to victories during the Hundred Years' War. Joan of Arc
86%
15 Civil Rights leader who had a dream. Martin Luther King, Jr.
86%
20 Second person to walk on the moon. Buzz Aldrin
79%
14 Drummer of Nirvana and lead singer of Foo Fighters. Dave Grohl
79%
17 First Lady of the United States (2009-2017). Michelle Obama
79%
25 R&B Singer who sang "Fallin'", "No One" and "Empire State of Mind." Alicia Keys
71%
5 Starred in American Sniper, The Hangover, and Guardians of the Galaxy. Bradley Cooper
71%
30 Starred in The Dark Knight, American Psycho, and The Fighter. Christian Bale
71%
19 Country singer who sang "I Will Always Love You," "Jolene," and "9 to 5." Dolly Parton
71%
21 Russian monk who was a friend of the Russian royal family. Grigori Rasputin
71%
31 Most successful member of the boy band 'N Sync. Justin Timberlake
71%
29 TV show host who became the world's first African-American billionaire. Oprah Winfrey
71%
13 Actor who starred in The Lord of the Rings and Pirates of the Caribbean. Orlando Bloom
71%
12 Former member of boy band One Direction. Zayn Malik
71%
11 First US Secretary of Treasury whose life inspired a musical. Alexander Hamilton
64%
26 Talk show host and voice of Dory in Finding Nemo. Ellen DeGeneres
64%
16 Filmmaker who directed horror classics such as Halloween and The Thing. John Carpenter
64%
18 Starred in Field of Dreams, The Untouchables, and Dances With Wolves. Kevin Costner
64%
24 Rock singer known for the hit "Sweet Caroline." Neil Diamond
64%
27 Austrian composer whose works include "The Marriage of Figaro" and "The Magic Flute." Wolfgang Amadeus Mozart
64%
23 US Founding Father with the largest signature on the Declaration of Independence. John Hancock
57%
10 Rapsy rock vocalist who sang "Da Ya Think I'm Sexy." Rod Stewart
57%
2 Actor who won an Oscar for playing Rod Tidwell in Jerry Maguire. Cuba Gooding Jr.
50%
22 Reality TV chef known for driving his red Camaro across America to eat at places. Guy Fieri
50%
28 Starred in The Lord of the Rings, Sin City, and Happy Feet. Elijah Wood
36%
No matching quizzes found
Score Distribution
Percent of People with Each Score
Percentile by Number Answered
Your Score History
You have not taken this quiz since the last reset